000 00377nam a22001577a 4500
003 OSt
005 20211025104754.0
008 211025b |||||||| |||| 00| 0 eng d
040 _cHawassa University
050 _a635.9/BAC
_b2
082 _a635.9/BAC
_b2
100 _aBacon, Lionel
_915271
245 _aAlpines
260 _bDavid and Charles
_c1973
942 _2ddc
_cBOOKS
_n0
999 _c14626
_d14626